Statistiken für Grösste Schweizer Orte nach Buchstaben

Klicken Sie hier um das Quiz zu spielen!

Allgemein

  • Dieses Quiz wurde 60 mal gespielt
  • Das Durchschnittsergebnis liegt bei 36 aus 121

Antwortstatistiken

EinwohnerzahlOrt% Korrekt
B173'863Basel
94%
Z421'878Zürich
92%
B134'794Bern
88%
G203'856Genf
88%
L82'620Luzern
86%
C37'424Chur
84%
A21'726Aarau
80%
L140'202Lausanne
78%
W114'220Winterthur
76%
S76'213St. Gallen
75%
L62'315Lugano
73%
B55'206Biel
71%
F38'039Fribourg
67%
Z30'934Zug
61%
S36'952Schaffhausen
59%
S34'978Sion
59%
B43'360Bellinzona
57%
T43'476Thun
57%
N44'531Neuchâtel
55%
M26'090Montreux
47%
O18'496Olten
47%
R27'483Rapperswil-Jona
47%
C17'042Cham
45%
F25'974Frauenfeld
45%
K20'429Kloten
45%
Y29'955Yverdon-les-Bains
45%
K22'390Kreuzlingen
43%
N21'718Nyon
41%
W24'132Wil
41%
D12'618Delémont
39%
E31'039Emmen
39%
H15'649Herisau
37%
I5'719Interlaken
37%
D29'907Dübendorf
35%
K42'388Köniz
35%
U35'337Uster
33%
B24'686Baar
31%
K28'245Kriens
31%
L36'915La Chaux-de-Fonds
31%
W25'056Wetzikon
31%
D10'832Davos
29%
D28'057Dietikon
29%
G17'990Gossau
27%
G17'577Grenchen
27%
M17'938Muttenz
27%
T18'278Thalwil
27%
W24'832Wädenswil
27%
A21'374Allschwil
25%
A14'211Amriswil
25%
H23'090Horgen
25%
M17'820Monthey
25%
P16'606Pratteln
25%
R19'159Reinach
25%
V19'752Vevey
25%
W21'099Wettingen
25%
A14'950Arbon
24%
M20'276Martigny
24%
U13'284Uzwil
24%
Z12'104Zofingen
24%
E14'066Ebikon
22%
G18'832Glarus Nord
22%
I17'352Illnau-Effretikon
22%
V34'898Vernier
22%
C22'536Carouge
20%
E16'247Einsiedeln
20%
F16'520Freienbach
20%
H14'211Horw
20%
I11'430Ittigen
20%
L33'989Lancy
20%
M26'129Meyrin
20%
N10'467Neuhausen
20%
O17'758Ostermundigen
20%
P18'694Pully
20%
R21'705Riehen
20%
S16'819Sierre
20%
V18'865Volketswil
20%
A19'049Adliswil
18%
F10'510Flawil
18%
J5'738Jegenstorf
18%
O14'455Oftringen
18%
O18'933Onex
18%
O20'954Opfikon
18%
Q2'988Quarten
18%
R18'568Regensdorf
18%
V17'143Val-de-Ruz
18%
Z13'311Zollikon
18%
Q995Quinto
16%
R20'834Renens
16%
T9'979Therwil
16%
Z10'640Zollikofen
16%
D8'300Düdingen
14%
G13'258Gland
14%
H11'354Hinwil
14%
K14'811Küsnacht
14%
P12'174Pfäffikon
14%
P12'360Prilly
14%
U10'019Urdorf
14%
C10'218Crans-Montana
12%
J3'873Jonschwil
12%
N10'290Naters
12%
S19'881Schlieren
12%
E13'157Ecublens
10%
H9'872Hochdorf
10%
T14'573Thônex
10%
V13'281Versoix
10%
Y3'470Yvonand
10%
C12'621Chêne-Bougeries
8%
E9'988Estavayer
8%
F8'934Fällanden
8%
I4'797Ilanz
8%
I8'977Ingenbohl
8%
J2'210Jonen
8%
J2'968Jorat-Mézières
8%
N9'449Niederhasli
8%
P10'601Plan-les-Ouates
8%
U7'229Untersiggenthal
8%
Y1'479Yens
8%
U8'972Unterägeri
6%
Y1'070Yvorne
6%
J1'671Jongny
4%
T7'643Tafers
4%

Verteilung der Resultate

Perzentil nach korrekt beantworteten Fragen

Anzahl Personen mit jedem Resultat

Ihre Resultats-Entwicklung

Sie haben dieses Quiz noch nicht gespielt